| 000 | 00713nam a2200241 i 4500 | ||
|---|---|---|---|
| 001 | C2-0302107 | ||
| 003 | PPAK | ||
| 005 | 20180728083229.0 | ||
| 008 | 100107s2004 nyua|||| ||||| | eng d | ||
| 020 | _a0821228188 | ||
| 040 |
_aPPAK _beng _cPPAK _erda |
||
| 082 | 0 | 4 |
_a779.240846 _223 |
| 090 | 0 | 0 |
_a779.240846 _bTEN _dRLCK |
| 100 | 1 |
_aTenneson, Joyce, _eauthor |
|
| 245 | 1 | 0 |
_aWise women _bA celebration of their insights, courage and beauty |
| 264 | 1 |
_aNew York : _bBulfinch Press , _c2004 |
|
| 300 |
_a143 pages : _bcolour illustrations ; _c25 cm |
||
| 336 |
_2rdacontent _atext |
||
| 337 |
_2rdamedia _aunmediated |
||
| 338 |
_2rdacarrier _avolume |
||
| 650 | 1 | 0 | _aPhotography of Women |
| 942 |
_ddc _cB |
||
| 999 |
_c105811 _d105811 |
||